书目信息 |
| 题名: |
爱的智慧果:名人爱情箴言
|
|
| 作者: | 麦冬 丽娟 编 | |
| 分册: | ||
| 出版信息: | 北京 中国工人出版社 1998.08 |
|
| 页数: | 218页 | |
| 开本: | 32开 | |
| 丛书名: | ||
| 单 册: | ||
| 中图分类: | C913.1 | |
| 科图分类: | ||
| 主题词: | 社会生活 , 社会问题 | |
| 电子资源: | ||
| ISBN: | 7-5008-1921-8 | |
| 000 | 00603nam0 2200205 45 | |
| 001 | 0010031664 | |
| 005 | 20001003160415.6 | |
| 010 | @a7-5008-1921-8@d10.50元 | |
| 100 | @a20001003d1998 km y0chiy0120 ea | |
| 101 | 0 | @achi |
| 105 | @a z 000yy | |
| 200 | 1 | @a爱的智慧果:名人爱情箴言@AAi De Zhi Hui Guo:Ming Ren Ai Qing Zhen Yan@f麦冬 丽娟编@FMai Dong Li Juan Bian |
| 210 | @a北京@c中国工人出版社@d1998.08 | |
| 215 | @a218页@d32开 | |
| 606 | 0 | @a社会生活 |
| 606 | 0 | @a社会问题 |
| 690 | @aC913.1@v3 | |
| 701 | 0 | @a麦冬 丽娟@4编 |
| 801 | @aCN@bPftUser@c20001003 | |
| 905 | @b163509-513@dC913.1@eM290@f5 | |
| 爱的智慧果:名人爱情箴言/麦冬 丽娟编.-北京:中国工人出版社,1998.08 |
| 218页;32开 |
| ISBN 7-5008-1921-8:10.50元 |
| ● |
| 相关链接 |
|
|
|
正题名:爱的智慧果:名人爱情箴言
索取号:C913.1/M290
 
预约/预借
| 序号 | 登录号 | 条形码 | 馆藏地/架位号 | 状态 | 备注 |
| 1 | 163509 | 201635098 | 社科库509/509社科库 60排6列5层/ [索取号:C913.1/M290] | 在馆 | |
| 2 | 163510 | 201635105 | 社科库509/422社科库 18排2列3层/ [索取号:C913.1/M290] | 在馆 | |
| 3 | 163511 | 201635114 | 社科库509/509社科库 60排6列5层/ [索取号:C913.1/M290] | 在馆 | |
| 4 | 163512 | 201635123 | 社科库509/422社科库 46排1列2层/ [索取号:C913.1/M290] | 在馆 | |
| 5 | 163513 | 201635132 | 社科库509/509社科库 60排6列5层/ [索取号:C913.1/M290] | 在馆 |